[Event "Krasnodar South Region-ch"]
[Site "Krasnodar"]
[Date "2005.02.??"]
[Round "?"]
[White "Bariyev, Tata"]
[Black "Jakovenko, Igor"]
[Result "1-0"]
[WhiteElo "2266"]
[BlackElo "2103"]
[PlyCount "122"]
[EventDate "2005.02.??"]
[EventType "swiss"]
[EventRounds "9"]
[EventCountry "RUS"]
[SourceTitle "EXT 2006"]
[Source "ChessBase"]
[SourceDate "2005.11.24"]
[SourceVersion "1"]
[SourceVersionDate "2005.11.24"]
[SourceQuality "1"]

1. e4 c5 2. Nc3 Nc6 3. g3 g6 4. Bg2 Bg7 5. d3 d6 6. Be3 Nf6 7. h3 0-0 8. Qd2 Qb6 9. Rb1 Qa5 10. Nge2 Bd7 11. 0-0 Rab8 12. Bh6 b5 13. Bxg7 Kxg7 14. a3 Nd4 15. g4 Bc6 16. Ng3 Nd7 17. f4 Qb6 18. f5 f6 19. Kh2 Ne5 20. Nce2 c4 21. Nf4 g5 22. Ne6+ Nxe6 23. fxe6 cxd3 24. cxd3 Kh8 25. Nf5 Qb7 26. d4 Ng6 27. d5 Be8 28. b4 Ne5 29. Qd4 Bg6 30. Ne3 Rbc8 31. Rbc1 Qa6 32. Kg1 h6 33. Kh1 Qb7 34. Qd2 Bh7 35. Rxc8 Rxc8 36. Rc1 Kg8 37. Rc3 Rxc3 38. Qxc3 Kf8 39. Nc2 Ng6 40. Qc6 Qb8 41. Nd4 Nf4 42. Bf3 Nxh3 43. Qxb5 Qc7 44. Qc6 Qb8 45. Kg2 Nf4+ 46. Kg3 Bg6 47. Qb5 Qc7 48. Nc6 Be8 49. Qb8 Qxb8 50. Nxb8 Bb5 51. Bd1 a6 52. Kf3 Nd3 53. Ke3 Nf4 54. a4 Bc4 55. Nc6 Ng2+ 56. Kd4 Bf1 57. Na7 Ke8 58. b5 axb5 59. axb5 Kd8 60. b6 Ba6 61. Nc6+ Ke8 1-0

[Event "Krasnodar South Region-ch"]
[Site "Krasnodar"]
[Date "2005.02.??"]
[Round "?"]
[White "Bariyev, Tata"]
[Black "Pogosian, Samvel"]
[Result "1/2-1/2"]
[WhiteElo "2266"]
[BlackElo "2263"]
[PlyCount "27"]
[EventDate "2005.02.??"]
[EventType "swiss"]
[EventRounds "9"]
[EventCountry "RUS"]
[SourceTitle "EXT 2006"]
[Source "ChessBase"]
[SourceDate "2005.11.24"]
[SourceVersion "1"]
[SourceVersionDate "2005.11.24"]
[SourceQuality "1"]

1. e4 Nf6 2. e5 Nd5 3. d4 d6 4. Nf3 dxe5 5. Nxe5 g6 6. Qf3 Be6 7. Bc4 c6 8. 0-0 Bg7 9. Nc3 0-0 10. Nxd5 Bxd5 11. Bxd5 Qxd5 12. Qxd5 cxd5 13. Nf3 Nc6 14. c3 1/2-1/2